<?xml version="1.0" encoding="UTF-8"?>
<collection xmlns="http://www.loc.gov/MARC21/slim">
 <record>
  <leader>01103pam a22002778a 4500</leader>
  <controlfield tag="001">00031178</controlfield>
  <controlfield tag="005">20171026081025.0</controlfield>
  <controlfield tag="008">130918s2010                  ||||||   sd</controlfield>
  <datafield tag="020" ind1=" " ind2=" ">
   <subfield code="c">22500</subfield>
  </datafield>
  <datafield tag="082" ind1="1" ind2="4">
   <subfield code="b">Đ103C</subfield>
   <subfield code="a">792.01</subfield>
  </datafield>
  <datafield tag="100" ind1="1" ind2="#">
   <subfield code="a">Trần, Trí Trắc</subfield>
  </datafield>
  <datafield tag="245" ind1="1" ind2="0">
   <subfield code="a">Đại cương nghệ thuật sân khấu</subfield>
   <subfield code="c">Trần Trí Trắc</subfield>
  </datafield>
  <datafield tag="250" ind1="#" ind2="#">
   <subfield code="a">Tái bản lần thứ nhất</subfield>
  </datafield>
  <datafield tag="260" ind1="#" ind2="#">
   <subfield code="a">Hà Nội</subfield>
   <subfield code="b">Đại học quốc gia Hà Nội</subfield>
   <subfield code="c">2010</subfield>
  </datafield>
  <datafield tag="300" ind1="#" ind2="#">
   <subfield code="a">160 tr.</subfield>
   <subfield code="c">21 cm.</subfield>
  </datafield>
  <datafield tag="500" ind1="#" ind2="#">
   <subfield code="a">ĐTTS ghi: Trường Đại học văn hóa Hà Nội</subfield>
  </datafield>
  <datafield tag="504" ind1="#" ind2="#">
   <subfield code="a">Thư mục tr.: 157-159</subfield>
  </datafield>
  <datafield tag="653" ind1="#" ind2="#">
   <subfield code="a">Nghệ thuật sân khấu</subfield>
  </datafield>
  <datafield tag="653" ind1="#" ind2="#">
   <subfield code="a">Sân khấu</subfield>
  </datafield>
  <datafield tag="653" ind1="#" ind2="#">
   <subfield code="a">Đại cương</subfield>
  </datafield>
  <datafield tag="852" ind1="#" ind2="#">
   <subfield code="b">Kho mượn</subfield>
   <subfield code="j">KM.0016038, KM.0016039, KM.0016036, KM.0016037, KM.0021462, KM.0021349</subfield>
  </datafield>
  <datafield tag="852" ind1="#" ind2="#">
   <subfield code="b">Kho đọc</subfield>
   <subfield code="j">KD.0014961</subfield>
  </datafield>
  <datafield tag="852" ind1="#" ind2="#">
   <subfield code="j">KM.0016039</subfield>
   <subfield code="j">KM.0016036</subfield>
   <subfield code="j">KM.0021462</subfield>
   <subfield code="j">KM.0021349</subfield>
   <subfield code="j">KD.0014961</subfield>
   <subfield code="j">KM.0016038</subfield>
   <subfield code="j">KM.0016037</subfield>
  </datafield>
  <datafield tag="910" ind1=" " ind2=" ">
   <subfield code="e">9/2013</subfield>
   <subfield code="d">18/09/2013</subfield>
  </datafield>
  <datafield tag="980" ind1="#" ind2="#">
   <subfield code="a">Trung tâm Học liệu Lê Vũ Hùng, Trường Đại học Đồng Tháp</subfield>
  </datafield>
 </record>
</collection>
